000 00651nam a2200181Ia 4500
008 090124s9999 xx 000 0 und d
082 _b38839
100 _aमहानोर ना. धों.
245 _a ऐसी कळवळ्याची जाती
250 _a1
260 _b"पॉप्युलर प्रकाशन ,बाँम्बे"
_c1997
300 _a168
600 _aमहानोर ना. धों.
630 _a ऐसी कळवळ्याची जाती
700 _aमहानोर ना. धों.
730 _a ऐसी कळवळ्याची जाती
942 _cBOOK
999 _c104659
_d104659